000 02772nam2a22003251 4500
001 v19\rc\1230435
005 20250620051739.0
035 _a(NLR Aleph) 005187965
090 _a5183557
_c5183557
100 _a20060306d1884 |||y0rusy50 ca
101 0 _arus
102 _aRU
105 _ay z |||||
200 1 _a[Донесения французского консула в Петербурге Лави и полномочного министра при русском дворе Кампредона с 1719 по 1722 г.]
210 _d1884
_aБ. м.
215 _a[4], XIV, 498, LXXXII с.
225 1 _a...
_vТ. 40
327 0 _aС. I-LXXXII: "Записка о сношениях между Францией и Россиею в царствование Петра I, составленное в 1726 г. Ледраном старшим чиновникам Департамента иностранных дел 1719-1722"
461 0 _1001v19\rc\1230433
_12001#$a[Дипломатическая переписка французских посланников и агентов при русском дворе$eСообщ. из архива М-ва иностр. дел в Париже. 1-13]$v[2]
_93335477
_cСанкт-Петербург
_d1881-1899
_nтип. Акад. наук
_oСообщ. из архива М-ва иностр. дел в Париже. 1-13]
_p13 т.
_t[Дипломатическая переписка французских посланников и агентов при русском дворе
_v[2]
464 0 _12001#$aЗаписка о сношениях между Францией и Россиею в царствование Петра I, составленное в 1726 г. Ледраном старшим чиновникам Департамента иностранных дел 1719-1722
_1215##$aС. I-LXXXII
_1702#1$aЛедран$4220
_1702#0$aПетр$cимператор российский$dI$f1672-1725$3RU\NLR\AUTH\778862$4570
_tЗаписка о сношениях между Францией и Россиею в царствование Петра I, составленное в 1726 г. Ледраном старшим чиновникам Департамента иностранных дел 1719-1722
540 1 3 _aДонесения французского консула в Петербурге Лави и полномочного министра при русском дворе Кампредона с 1719 по 1722 г.
702 1 _aЛави
_4570
702 1 _aКампредон
_4570
801 0 _aRU
_bNLR
_c20060306
_gpsbo
801 1 _aRU
_bProSoft-M
_c20060306
_2rusmarc
801 2 _aRU
_bNLR
_c20060316
_2rusmarc
852 _aNLR
_j1/377
942 _cBOOK
980 _aNB